1251 1041 1667 1845 1746 1150 1118 1410 1856 1203 1469 1228 1469 1680 1252 1253 1620 1828 1376 1395 1541 1168 1728 1477 1444 1331 1046 1307 1304 1798 1734 1060 1346 1641 1560 1844 1581 1761 1590 1894 1920 1946 1784 1480 1241 1645 1330 1329 1593 1398 1005 1254 1252 1897 1253 1876 1014 1137 1074 1887 1897 1291 1235 1902 1590 1982 1541 1183 1250 1636 1870 1676 1332 1682 1431 1724 1099 1553 1635 1163 1755 1822 1380 1088 1084 1133 1234 1838 1623 1975 1088 1381 1712 1522 1390 1572 1831 1439 1398 BCNSPRNW ULIB Ver.6.0+V

เปลี่ยนเป็นภาษาไทย

Change to English
 แสดงรายละเอียดบรรณานุกรม
  กลับหน้าหลัก

Brief Record : Get Marc (ISO 2709) : E-mail record : QR code < ปิดหน้าต่าง
LEADER : 00000nam 2200000uu 4500
001    13399114388
003     ULIB
008    120327s||||||||th 000 0 tha d
020    ^a9786167283197
060  4 ^aWB39^bป615ว
110 1  ^aปิติกานต์ บูรณาภาพ
245 00 ^aคู่มือฉุกเฉิน/^cปิติกานต์ บูรณาภาพ
260    ^aกรุงเทพฯ:^bวิทยสถาน,^c2553
300    ^a224 หน้า
650  7 ^aฉุกเฉิน
650  7 ^aการช่วยเหลือ
650  7 ^aอุบัติเหตุ
945    ^p170^l0^i031479
945    ^p170^l0^i031480
995    ^aทศพร
999 ^a ทศพร
รายการนี้ยังไม่มีแท็ก
คุณยังไม่ได้ล็อกอิน คุณสามารถมีกิจกรรมร่วมกับเว็บไซต์ได้ แต่ต้องล็อกอินก่อน ::
  ล็อกอิน

รายการสื่อสารสนเทศ

ลำดับที่ ประเภท เลขเรียก/บาร์โค้ด สถานที่ สถานะ
1. วิทยาศาสตร์การแพทย์ และสุขภาพ
หนังสือสำรอง
สถานะ=หนังสือสำรอง
WB39 ป615ว ฉ.1 
  Barcode: 031479
ห้องสมุดวิทยาเขตสวรรค์ประชารักษ์
►ส่วนจัดเก็บหนังสือเก่า สปร
บนชั้น
  ขอยืม
2. วิทยาศาสตร์การแพทย์ และสุขภาพ
วิทยาศาสตร์การแพทย์ และสุขภาพ
WB39 ป615ว ฉ.2 
  Barcode: 031480
ห้องสมุดวิทยาเขตสวรรค์ประชารักษ์
►ส่วนจัดเก็บหนังสือเก่า สปร
บนชั้น
  ขอยืม

รายการใกล้เคียง
    หัวเรื่อง [ฉุกเฉิน]
    หัวเรื่อง [การช่วยเหลือ]
    หัวเรื่อง [อุบัติเหตุ]

BibComment


ยังไม่เคยถูกคอมเมนท์

คอมเมนท์ทรัพยากรรายการนี้
  คอมเมนท์: คู่มือฉุกเฉิน ปิ..


 Copyright 2026. Bcnsprnw @Library